FRESH THAI (Record no. 229186)

MARC details
000 -LEADER
fixed length control field 00351pam a2200145 a 4500
020 ## - INTERNATIONAL STANDARD BOOK NUMBER
Terms of availability
041 ## - LANGUAGE CODE
Language code of original
100 ## - MAIN ENTRY--PERSONAL NAME
Personal name OI CHEEPCHA HAI SSARA
Relator term Author
245 ## - TITLE STATEMENT
Title FRESH THAI
Statement of responsibility, etc. OI CHEEPCHA HAI SSARA
Medium Textual Documents
260 ## - PUBLICATION, DISTRIBUTION, ETC.
Place of publication, distribution, etc. london
Name of publisher, distributor, etc. Hamlyn Octopus Pub
300 ## - PHYSICAL DESCRIPTION
Extent 160
653 ## - INDEX TERM--UNCONTROLLED
Uncontrolled term food Producation
700 ## - ADDED ENTRY--PERSONAL NAME
Relator term Co-Author
930 ## - EQUIVALENCE OR CROSS-REFERENCE-UNIFORM TITLE HEADING [LOCAL, CANADA]
Uniform title 1785
Holdings
Withdrawn status Lost status Damaged status Not for loan Collection Home library Current library Date acquired Source of acquisition Cost, normal purchase price Total Checkouts Full call number Barcode Date last seen Date last checked out Copy number Price effective from Koha item type
          Institute of Hotel Management & Catering Technology, Pune Institute of Hotel Management & Catering Technology, Pune 20/01/2007 Bharati Madhyavarti Grahak Bhandar Ltd,Pune 1573.00 2 HMP-D-1577 26/08/2025 20/08/2025 1 07/03/2023 Book